000 00455nam a2200181Ia 4500
008 240510s9999 xx 000 0 und d
020 _a9789558596913
041 _asih
082 _a891.483
082 _bG16
100 _aGARDNER, Erle Stanley
245 0 _aMosher Higlige Abhirahas Maranaya : The case of the Demure defendant
260 _bColombo : Samanthi Publisher
260 _c2008
300 _a206 p.
942 _2ddc
942 _cLBK
999 _c28286
_d28286
945 _a1
_bMadushi Gamage
_c1
_dMadushi Gamage